niemiecki - Statystyki

Ogólne statystyki
  • Ten quiz został rozwiązany 5 razy
  • Średni wynik to 15 z 86
Statystyki odpowiedzi
Hint Odpowiedź % Poprawnych
głowa der Kopf
100%
oko das Auge
75%
noga das Bein
75%
ramię der Arm
75%
brzuch der Bauch
75%
palec u ręki der Finger
75%
stopa der FuS
75%
szyja der Hals
75%
pierś die Brust
75%
nos die Nase
75%
być aktywnym aktiv sein
50%
twarz das Gesicht
50%
ucho das Ohr
50%
usta der Mund
50%
plecy der RUcken
50%
bóle gardła die Halsschmerzen
50%
dłoń die Hand
50%
jeść zdrowo gesund essen
50%
kaszleć husten
50%
kolano das Knie
25%
kaszel der Husten
25%
alergia die Allergie
25%
tabletka die Tablette
25%
krople die Tropfen
25%
mieć kaszel Husten haben
25%
źle się czuć sich schlecht fUhlen
25%
uprawiać sport Sport treiben
25%
uprawiać sport Sport treiben
25%
badać untersuchen
25%
palić papierosy Zigaretten rauchen
25%
być na świeżym powietrzu an der frischen Luft sein
0%
zalecać leżenie w łóżku Bettruhe verordnen
0%
gorączka das Fiber
0%
zginąć lewe kolano das linke Knie beugen
0%
zażywać lekarstwo 3 razy dziennie das Medikament dreimal tAglich einnehmen
0%
stawiać prawą nogę na podłogę das rechte Bein auf den Boden stellen
0%
poruszać brzuch do góry den Bauch nach oben bewegen
0%
mierzyć ciśnienie krwi den Blutdruck messen
0%
obracać głowę w lewo den Kopf nach links drehen
0%
wysypka der Ausschlag
0%
katar der Schnupfen
0%
syrop der Sirup
0%
angina die Angina
0%
wyciągnąć ramiona do przodu die Arme nach vorne austrecken
0%
zamykać oczy die Augen schlieSen
0%
grypa die Grippe
0%
mieć grypę die Grippe haben
0%
maść die Salbe
0%
dawkować tabletki die Tabletten dosieren
0%
mierzyć temperaturę die Temperatur messen
0%
nosić gips na ramieniu einen Gips am Arm tragen
0%
mieć ranę na twarzy eine Wunde im Gesicht haben
0%
być przeziębionym erkAltet sein
0%
mierzyć gorączkę Fieber messen
0%
jeść pięć razy dziennie fUnfmal am Tag essen
0%
wysypiać się genug schlafen
0%
być zestresowanym gestresst sein
0%
mieć wysoką gorączkę hohes Fieber haben
0%
pozostawać w łóżku im Bett bleiben
0%
nie pić alkoholu keinen Alkohol trinken
0%
nie mieć kaszlu keinen Husten haben
0%
nie mieć kataru keinen Schnupfen haben
0%
nie palić papierosów keine Zigaretten rauchen
0%
wystawiać zwolnienie lekarskie krankschreiben
0%
spać długo lange schlafen
0%
zażywać lekarstwa Medikamente einnehmen
0%
przepisywać lekarstwa Medikamente verschreiben
0%
odżywiać się regularnie regelmASig essen
0%
mieć katar Schnupfen haben
0%
zranić się w głowę sich am Kopf verletzen
0%
kłaść się na plecach sich auf den RUcken legen
0%
wypoczywać sich ausruhen
0%
ruszać się sich bewegen
0%
złamać sobie prawą nogę sich das rechte Bein brechen
0%
oglądać gardło sich den Hals anschauen
0%
skręcić sobie lewą stopę sich den linken FuS verstauchen
0%
relaksować się sich entspannen
0%
odpoczywać sich erholen
0%
odżywiać się zdrowo sich gesund ernAhren
0%
odżywiać się zdrowo sich gesund ernAhren
0%
pić syrop na kaszel Sirup gegen Husten trinken
0%
być przepracowanym Uberarbeitet sein
0%
mieć nadwagę Ubergewicht haben
0%
być pod presją unter Druck stehen
0%
brać witaminę C VItamin C nehmen
0%
boleć wehtun
0%
Nie znaleziono quizów pasujących do podanych kryteriów
Rozkład punktacji
Procent ludzi z każdym wynikiem
Percentyl według liczby udzielonych odpowiedzi
Twoja historia wyników
Nie rozwiązałeś tego quizu